000 01513cam a2200385 a 4500
999 _c906
_d906
001 017014933
003 UkOxU
005 20210622081002.0
008 090721s2010 enka b 001 0 eng d
010 _a2009455380
020 _a9780195392487
020 _a0195392485
035 _a(OCoLC)ocn311767979
035 _a15826993
040 _aBTCTA
_cBTCTA
_dYDXCP
_dBWX
_dOCLCQ
_dOHS
_dU3G
_dDLC
042 _alccopycat
050 _aHV40
_b.G75 2010
100 1 _aGrinnell, Richard M.
245 1 0 _aProgram evaluation for social workers :
_bfoundations of evidence-based programs.
250 _a5th ed. /
_bRichard M. Grinnell, Jr., Peter A. Gabor, Yvonne A. Unrau.
260 _aOxford ;
_aNew York :
_bOxford University Press,
_cc2010.
300 _axiv, 409 p. :
_bill. ;
_c26 cm.
500 _aPrevious ed. : Evaluation in social work : the art and science of practice by Yvonne A. Unrau, Peter A. Gabor, and Richard M. Grinnell, Jr., 2007.
504 _aIncludes bibliographical references and index.
650 0 _aHuman services
_xEvaluation.
650 0 _aHuman services
_xEvaluation
_vCase studies.
650 2 _aSocial Work
_xorganization and administration.
650 2 _aProgram Evaluation.
700 1 _aGabor, Peter
_c(Sociologist)
700 1 _aUnrau, Yvonne A.
700 1 _aUnrau, Yvonne A.
_tEvaluation in social work.
856 4 1 _3Table of contents only
_uhttp://www.loc.gov/catdir/enhancements/fy0914/2009455380-t.html
942 _2lcc
_cBK
_nSO